[Event "SRB-chT3 North CS"]
[Site "Serbia"]
[Date "2012.09.22"]
[Round "3.2"]
[White "Sajic, Velibor"]
[Black "Ivanovic, Lazar"]
[Result "0-1"]
[WhiteElo "2139"]
[BlackElo "1941"]
[PlyCount "78"]
[EventDate "2012.09.21"]
[EventType "team"]
[EventRounds "10"]
[EventCountry "SRB"]
[SourceTitle "EXT 2015"]
[Source "ChessBase"]
[SourceDate "2014.11.20"]
[SourceVersion "1"]
[SourceVersionDate "2014.11.20"]
[SourceQuality "1"]

1. d4 Nf6 2. c4 d6 3. Nf3 Nbd7 4. g3 e5 5. Bg2 c6 6. 0-0 Qc7 7. Nc3 Be7 8. e4 0-0 9. Bg5 h6 10. Bd2 Re8 11. d5 Nc5 12. Qc2 a5 13. Rab1 Bd7 14. Be3 Ng4 15. Bxc5 dxc5 16. a4 Rad8 17. Ne1 h5 18. h3 Nh6 19. Qe2 g6 20. Nd3 Bd6 21. Qe3 Kg7 22. dxc6 bxc6 23. Nxc5 f5 24. Nd3 f4 25. Qe2 Qc8 26. c5 Bc7 27. Kh2 Nf7 28. b4 Ng5 29. h4 Ne6 30. Qb2 Nd4 31. gxf4 axb4 32. Qxb4 Bg4 33. Nxe5 Rxe5 34. fxe5 Nf3+ 35. Kh1 Qe6 36. Ne2 Qe7 37. Nf4 Qxh4+ 38. Nh3 Bxh3 39. Bxf3 Bg4+ 0-1

[Event "SRB-chT3 North"]
[Site "Kragujevac"]
[Date "2010.10.03"]
[Round "4"]
[White "Tojagic, Dane"]
[Black "Sajic, Velibor"]
[Result "1-0"]
[WhiteElo "2279"]
[BlackElo "2113"]
[PlyCount "43"]
[EventDate "2010.09.12"]
[EventType "team"]
[EventRounds "11"]
[EventCountry "SRB"]
[SourceTitle "EXT 2012"]
[Source "ChessBase"]
[SourceDate "2011.11.24"]
[SourceVersion "1"]
[SourceVersionDate "2011.11.24"]
[SourceQuality "1"]

1. e4 c6 2. d4 d5 3. e5 Bf5 4. Nc3 e6 5. g4 Bg6 6. Nge2 c5 7. h4 h5 8. Nf4 Bh7 9. Nxh5 cxd4 10. Qxd4 Ne7 11. Bg5 Nec6 12. Bxd8 Nxd4 13. 0-0-0 Nxc2 14. Bf6 Nb4 15. Bxg7 Bxg7 16. Nxg7+ Kf8 17. Nh5 Nd7 18. a3 Nc5 19. Kd2 Nb3+ 20. Ke2 Nc6 21. f4 d4 22. Nb5 1-0

[Event "SRB-chT3 North"]
[Site "Serbia"]
[Date "2008.10.24"]
[Round "8.2"]
[White "Begus, Drasko"]
[Black "Sajic, Velibor"]
[Result "1-0"]
[WhiteElo "2297"]
[BlackElo "2107"]
[PlyCount "101"]
[EventDate "2008.09.14"]
[EventType "team"]
[EventRounds "11"]
[EventCountry "SRB"]
[SourceTitle "EXT 2012"]
[Source "ChessBase"]
[SourceDate "2011.11.24"]
[SourceVersion "1"]
[SourceVersionDate "2011.11.24"]
[SourceQuality "1"]

1. d4 d5 2. Nf3 Nf6 3. g3 g6 4. Bg2 Bg7 5. c4 c6 6. cxd5 cxd5 7. Nc3 0-0 8. Ne5 e6 9. 0-0 Nc6 10. Nxc6 bxc6 11. Bf4 Nd7 12. Na4 e5 13. dxe5 Nxe5 14. Rc1 Qa5 15. b3 Bd7 16. Rc5 Qa6 17. Qd2 Rfd8 18. Rfc1 Be8 19. Bh3 h5 20. Bg5 f6 21. Bf4 f5 22. Bg5 Rd6 23. Ra5 Qc8 24. Nc5 Qc7 25. Bg2 Bf6 26. Bxf6 Rxf6 27. Ra4 Kg7 28. Qd4 Qd6 29. e3 Kh7 30. Ra6 g5 31. f4 gxf4 32. exf4 Nd7 33. Nd3 Nb6 34. Qe5 Qxe5 35. Nxe5 Rd6 36. Kf2 Kg7 37. a4 d4 38. Ke2 h4 39. Kd3 hxg3 40. hxg3 Bf7 41. Rxc6 Rxc6 42. Bxc6 Rf8 43. Rxa7 Nc8 44. Rxf7+ Rxf7 45. Nxf7 Kxf7 46. Kxd4 Ke6 47. a5 Kd6 48. Bb5 Na7 49. Ba4 Nc6+ 50. Kc4 Ne7 51. b4 1-0

[Event "SRB-chT3 North"]
[Site "Serbia"]
[Date "2008.10.24"]
[Round "7.3"]
[White "Sajic, Velibor"]
[Black "Mitrovic, Jovica"]
[Result "0-1"]
[WhiteElo "2107"]
[BlackElo "2186"]
[PlyCount "76"]
[EventDate "2008.09.14"]
[EventType "team"]
[EventRounds "11"]
[EventCountry "SRB"]
[SourceTitle "EXT 2012"]
[Source "ChessBase"]
[SourceDate "2011.11.24"]
[SourceVersion "1"]
[SourceVersionDate "2011.11.24"]
[SourceQuality "1"]

1. d4 Nf6 2. c4 g6 3. Nc3 Bg7 4. Nf3 0-0 5. g3 d6 6. Bg2 Nc6 7. 0-0 e5 8. d5 Ne7 9. h3 Nd7 10. e4 Kh8 11. b3 f5 12. Ng5 Nf6 13. f3 Nh5 14. Kh2 Bf6 15. Ne6 Bxe6 16. dxe6 Ng7 17. Bh6 Nc6 18. Qd5 Qc8 19. Bxg7+ Kxg7 20. c5 Rd8 21. h4 dxc5 22. Qxc5 Qxe6 23. Nd5 Be7 24. Qb5 Bd6 25. Qxb7 Ne7 26. Ne3 Qf6 27. Kh3 f4 28. Ng4 Qe6 29. Kh2 Qf7 30. Qb5 fxg3+ 31. Kxg3 Qf4+ 32. Kh3 Nf5 33. exf5 e4 34. f6+ Kf8 35. Ne5 Bxe5 36. Qc5+ Rd6 37. Qf2 Qh2+ 38. Kg4 h5+ 0-1

[Event "SRB-chT3 North"]
[Site "Serbia"]
[Date "2008.10.23"]
[Round "6.4"]
[White "Sajic, Velibor"]
[Black "Ilic, Dragan M"]
[Result "0-1"]
[WhiteElo "2107"]
[BlackElo "2335"]
[PlyCount "81"]
[EventDate "2008.09.14"]
[EventType "team"]
[EventRounds "11"]
[EventCountry "SRB"]
[SourceTitle "EXT 2012"]
[Source "ChessBase"]
[SourceDate "2011.11.24"]
[SourceVersion "1"]
[SourceVersionDate "2011.11.24"]
[SourceQuality "1"]

1. d4 f5 2. Nf3 Nf6 3. g3 e6 4. c4 d5 5. Bg2 c6 6. 0-0 Bd6 7. b3 Qe7 8. a4 0-0 9. Ba3 Bxa3 10. Nxa3 Nbd7 11. Nc2 Ne4 12. Nce1 b6 13. Nd3 Ba6 14. Nfe5 Nxe5 15. Nxe5 Rac8 16. a5 b5 17. c5 b4 18. Bxe4 fxe4 19. Qd2 Qe8 20. f3 exf3 21. Rxf3 Qh5 22. Raf1 Bb5 23. R1f2 Rxf3 24. exf3 Qf5 25. Qe1 a6 26. Rb2 Qh3 27. Rf2 Qf5 28. Qxb4 Qb1+ 29. Kg2 Rf8 30. Qc3 h5 31. Qc2 Qa1 32. Qg6 Qxd4 33. Qxe6+ Kh7 34. Qg6+ Kg8 35. Qxh5 Qe3 36. Nd7 Rf7 37. Qe5 Qh6 38. Qb8+ Kh7 39. Ne5 Re7 40. Ng4 Qc1 41. Qf4 0-1